| 000 | 00871nam a2200265 i 4500 | ||
|---|---|---|---|
| 001 | 20106 | ||
| 003 | ES-MaACL | ||
| 005 | 20250805063225.0 | ||
| 007 | t| | ||
| 008 | 021128s2002 sp ||||1| spa d | ||
| 020 | _a84-88498-52-7 | ||
| 080 | _a821.111(73) Poe, Edgar Allan 1.07 | ||
| 080 | _a821.111 Stevenson, Robert Louis 1.07 | ||
| 100 | 1 |
_aSavater, Fernando, _d1947- _9104053 |
|
| 245 | 1 | 0 |
_aPoe y Stevenson _b: dos amores literarios / _cFernando Savater. |
| 250 | _a1ª ed. | ||
| 260 |
_aSantander : _bLímite, _c2002. |
||
| 300 |
_a148 p. : _bil. ; _c21 cm. |
||
| 490 | 1 |
_aLos libros del laberinto ; _v4 |
|
| 600 | 1 | 4 |
_aPoe, Edgar Allan, _d1809-1849 _9188384 |
| 600 | 0 | 4 |
_aStevenson, Robert Louis, _d1850-1894 _9108169 |
| 830 | 0 |
_aLos libros del laberinto ; _v4 _9228910 |
|
| 852 |
_aES-MaACL _jL-26035 _bR.131862 |
||
| 999 |
_c20106 _d20106 |
||